Normal view
MARC view
- Victoria.
Entry Geographic Name
001 - CONTROL NUMBER
- control field: 23268
003 - CONTROL NUMBER IDENTIFIER
- control field: NUST
005 - DATE AND TIME OF LATEST TRANSACTION
- control field: 20191008141751.0
008 - FIXED-LENGTH DATA ELEMENTS
- fixed length control field: 191008|| aca||aabn | a|a d
040 ## - CATALOGING SOURCE
- Original cataloging agency: NUST
- Transcribing agency: NUST
151 ## - HEADING--GEOGRAPHIC NAME
- Geographic name: Victoria.
670 ## - SOURCE DATA FOUND
- Source citation: Work cat.: (NUST)0: Haque, Md. Ohidul (Mohammed Ohidul) 23265, Road safety :, ©2009.
